000 00267nam a22001337a 4500
020 _a1-84557-330-7
082 _a920
_bJOS/T
100 _aJOSEPH,MARY
245 _aTHOMAS EDISON
260 _aUK
_bRISING SUN
300 _a31
650 _aBIOGRAPHY
_zUK
942 _cBK
999 _c6180
_d6180